Obrazové informácie pre porozumenie textu v matematike

Bibliographic Details
Main Author: Milčíková, Soňa (Author)
Format: Article
Language:Slovak
PhysicalDescription:Fotogr.
ISSN:0231-6463
Subjects:

MARC

LEADER 00000nab a2200000 ar4500
001 vtls010666593
003 SK-MaSNL
005 20260303085852.0
008 150413c2015 xo mr|p|||| |000 b|slo
015 |a SNBRB2015/04 
038 |a SPK 
040 |a SPKCL  |b slo  |c AACR2  |e AACR2 
041 0 |a slo 
044 |a xo  |c SK 
072 7 |a 37.016  |x Učebné osnovy. Vyučovacie predmety. Učebnice  |2 konspekt 
072 7 |a 51  |x Matematika  |2 konspekt 
080 |a 51:37.016  |x (084.1)  |2 2001 
100 1 |a Milčíková, Soňa  |4 aut  |9 1090442 
245 1 0 |a Obrazové informácie pre porozumenie textu v matematike  |c Soňa Milčíková 
300 |b Fotogr. 
650 0 7 |a vyučovanie  |2 snkbucl  |9 1522 
650 0 7 |a matematika  |2 snkbucl  |9 70174 
650 0 7 |a porozumenie textu  |2 snkbucl  |9 71746 
650 0 7 |a obrazy  |2 snkbucl  |9 29735 
773 0 |t Rodina a škola  |g Roč. 63, č. 2 (2015), s. 5  |x 0231-6463 
852 |a SPK  |b KIS3GCP 
999 |c 1800935  |d 1802865